000 00619nam a2200241Ia 4500
003 OSt
005 20221006151849.0
006 a|||||r|||| 00| 0
007 ta
008 221006b |||||||| |||| 00| 0 eng d
020 _c336.00
024 _a23,738
037 _cTextual
040 _aEASL
_cEASL
_beng
041 _2eng
_aeng
100 _aHO S P S
_9660169
245 0 _aChina's open door policy
260 _an
_bUniversity of British Columbia Press
_c1984
300 _a277p.
_ccm.
700 _a HUENEMANN R W
_9660170
942 _cTEXL
_2CC
999 _c1091824
_d1091824